00550nam a2200169Ia 4500100001900000250000600019942000700025654001200032245003100044260003200075082001300107300000800120546001200128999001700140952011700157952010600274 aBeiser/Arthur  a4 cBK aPhysics aConcepts of Modern Physics bMcGraw HillaNew Yorkc1987 a539bBEI a616 aENGLISH c24821d24821 001040708CRCaCRCEbCRCEc1429 | 33d2023-03-17g135.00l0o539 BEIp2337r2023-03-17v135.00w2023-03-17yBK 001040708CRCaCRCEbCRCEd2023-03-17g135.15l0o539 BEIp2470r2023-03-17v135.15w2023-03-17yBK